Baltiska städer på en karta - Statistics

General Stats
  • This quiz has been taken 18 times
  • The average score is 8 of 15
Answers on the Map
Answers color-coded by a green-red scale on the quiz's map according to % correct below.
 
Answer Stats
Answer % Correct
Tallinn
79%
Riga
71%
Kuressaare
64%
Vilnius
64%
Narva
57%
Pärnu
57%
Kaunas
50%
Tartu
50%
Daugavpils
43%
Liepāja
43%
Šiauliai
43%
Klaipėda
36%
Rēzekne
36%
Ventspils
36%
Panevėžys
21%
No matching quizzes found
Score Distribution
Percent of People with Each Score
Percentile by Number Answered
Your Score History
You have not taken this quiz